Dirección de Marketing: gestión estratégica y operativa del mercado

Guardat en:
Dades bibliogràfiques
Autors principals: Lambin, Jean-Jacques (Autor), Gallucci, Carlo (Autor), Sicurello, Carlos (Autor)
Format: Llibre
Idioma:espanyol
Publicat: Cuernavaca McGraw-Hill 2009
Edició:2a. ed
Matèries:
Etiquetes: Afegir etiqueta
Sense etiquetes, Sigues el primer a etiquetar aquest registre!

MARC

LEADER 00000cam a2200000 a 4500
001 UCD5813
003 CL-VaPUC
008 161028e20090000mx |||||||||||||||||spa|d
020 |a 9789701067109 
082 0 4 |a 658.8  |b LAM  |2 21 
100 |a Lambin, Jean-Jacques  |e author  |9 589633 
700 0 |a Gallucci, Carlo  |e author  |9 589586 
700 0 |a Sicurello, Carlos  |e author  |9 589587 
245 1 0 |a Dirección de Marketing: gestión estratégica y operativa del mercado 
250 |a 2a. ed 
300 |a 596 p 
942 |c BK 
945 |d 20161028 10:18:00  |a dcastane 
260 |a Cuernavaca  |b McGraw-Hill  |c 2009 
650 0 |a Marketing  |9 259324 
650 0 |a Planificación estratégica   |9 259735 
650 0 |a Administración de empresas   |9 260833 
583 |a last modification  |c 20161028 10:18:00  |k Rodrigo Vera 
999 |c 366362  |d 366360